| 000 | 00787cam a22002773a 4500 | ||
|---|---|---|---|
| 001 | 77 | ||
| 003 | PGUSA | ||
| 005 | 20140828082943.0 | ||
| 008 | 930801s1993||||xxu|||||s|||||000 1 eng d | ||
| 040 |
_aPGUSA _beng |
||
| 042 | _adc | ||
| 050 | 4 | _aPS | |
| 100 | 1 |
_aHawthorne, Nathaniel, _d1804-1864 |
|
| 245 | 1 | 4 |
_aThe House of the Seven Gables _h[electronic resource] / _cNathaniel Hawthorne |
| 260 |
_bProject Gutenberg, _c1993 |
||
| 506 | _aPublic domain in the USA. | ||
| 516 | _aElectronic text | ||
| 653 | _aHaunted houses -- Fiction | ||
| 653 | _aHistorical fiction | ||
| 653 | _aParanormal fiction | ||
| 653 | _aDomestic fiction | ||
| 653 | _aSalem (Mass.) -- Fiction | ||
| 830 | 0 |
_aProject Gutenberg _v77 |
|
| 856 | 4 | 0 | _uhttp://www.gutenberg.org/ebooks/77 |
| 942 | _cEB | ||
| 999 |
_c229448 _d229448 |
||